000 01197nam a22003257a 4500
003 CHAP
005 20220817042149.0
008 971013s1948 r 00010 d
010 _a36483
011 _a37455
035 _a41575
040 _cCHAP
090 _aFolleto 4668
110 _aMéxico. Dirección General de Agricultura
245 _aControl biológico de la mosca prieta
_b: trabajos de colonización de la avispita Eretmocerus serius Silv. en el estado de Morelos
260 _aSan Jacinto, D.F. :
_bLa Dirección,
_c1948
300 _a15 h
500 _aPonencia presentada en: Convención Nacional de Productores Cítricos. 2, San Jacinto, D.F. 1948
590 _aBATCH-UPD
_b10
_c20130110
_lUCH01
_h2027
590 _aBATCH-UPD
_b10
_c20130410
_lUCH01
_h1344
590 _aBATCH-UPD
_b10
_c20130914
_lUCH01
_h0012
590 _aCONVERSION
_b10
_c20130109
_lUCH01
_h1320
650 1 4 _aAleurocanthus woglumi.
_93802
650 1 4 _aControl biológico de plagas.
_927587
650 1 4 _aEretmocerus serius.
_937290
901 _aBK
942 _cFOLL
949 _aFolleto 4668
_bBC
_cFOLL
_d-95238
_eTS1
_i41575
_mD
_si
949 _aFolleto 4668
_bBC
_cFOLL
_d-95239
_eTS2
_fc.2
_i41575
_mD
_si
999 _c36483
_d36483